01763nam a2200193Ia 4500001001300000003001000013008004100023040002500064041000700089100002300096245007500119250001100194260003300205300001200238500121800250650005801468700001901526700002401545b4882-31864 IT-MiCISF161014s9999||||xx |||||||||||||| ||und|| aIT-MiCISFcIT-MiCISF ait aNovelletto Arnaldo 0aL'adolescente violentobRiconoscere e prevenire l'evoluzione criminale a1a ed. a MilanobFranco Angelic2000 app. 208 a / violenza, adolescenza, violenza-in-famiglia, rapporti-intergenerazionali, abuso-sessuale, terapia, case-studies / Gli adolescenti di oggi, con i loro comportamenti, dimostrano la tendenza a ricorrere più spesso che in passato ad atti violenti. Ciò che conta, secondo gli AA., è che la violenza dei giovanissimi provoca meno rassegnazione rispetto a quella degli adulti, forse perché contiene la richiesta implicita di essere interpretata. La naturale carica antisociale degli adolescenti trova diverse forme di strumentalizzazione e di collusione da parte degli adulti. Forme profonde, sottili, che producono sofferenze silenziose, perché frutto di traumi che hanno attraversato le generazioni. Secondo gli AA. la fase di sviluppo chiamata adolescenza ha in sé tutte le possibilità di una svolta decisiva per il soggetto violento. Partendo dalla presentazione di una ricca casistica, gli AA. intendono dimostrare che la psicoanalisi dell'adolescenza può offrire un notevole apporto alla relazione con l'adolescente violento, alla realizzazione di specifiche strategie terapeutiche, alla programmazione di interventi preventivi più efficaci e alla formazione più aggiornata degli operatori. a Adolescenti e giovani / maltrattamenti-violenzae009 aBiondo Daniele aMonniello Gianluigi